| 000 | 00455nam a2200169Ia 4500 | ||
|---|---|---|---|
| 003 | SGT | ||
| 020 | _a9780333935361 | ||
| 082 |
_a620.112 _bRYD |
||
| 100 | _aRyder,G.H | ||
| 245 | _aStrength of materials | ||
| 250 | _a3rd Ed. | ||
| 260 |
_bMacmillan Publishers India Limted _aNew Delhi _c1969 |
||
| 300 | _a340p. | ||
| 650 | _aENGINEERING AND ALLIED OPERATIONS | ||
| 653 | _aSTRENGTH OF MATERIALS ,DIRECT STRESS,ELASTIC CONSTANTS | ||
| 942 |
_2ddc _cBK _01 |
||
| 999 |
_c5249 _d5249 |
||